| 000 | 00592nam a2200193 4500 | ||
|---|---|---|---|
| 003 | LK-CoMWRAF | ||
| 005 | 20231201113824.0 | ||
| 008 | 230906b2002 |||||||| |||| 00| 0 eng d | ||
| 020 | _a9559606425 | ||
| 040 |
_aLK-CoMWRAF _dLK-CoMWRAF _eLK-CoMWRAF |
||
| 041 | _asin | ||
| 082 |
_a891.483 _bBEG |
||
| 100 | _aබෙගම්, අහමඩ් ශම්ශාද් | ||
| 245 | _aහාජරා | ||
| 246 | _aHaajara | ||
| 260 |
_aපදියපැලැල්ල : _bඅහමඩ් ශම්ශාද් බෙගම් _c2002 |
||
| 650 | _aසිංහල නවකතා | ||
| 942 | _cBK | ||
| 999 |
_c3448 _d3448 |
||